00887nam a2200217 a 450000100100000000500170001000800410002702000180006804000250008608200150011110000440012624500900017026000500026030000200031049000260033050000760035650000730043283000340050595201130053999900170065200004574520201002052424.0150511s2012 flu 000 0 spa d a9781593882341 aDO-SdBNPbspacBNPHU axxxxbxxxx1 aCabrera Leiva, Guillermo,d1991-97380610aAmerican protestantism in the Spanish antilles until 1898 /cGuillermo Cabrera Leiva. aMiami, Florida :bEdiciones Universal,c2012. a74 p. ;c23 cm.1 aHispanic Americanv16 aIncluye datos biográficos del autor en la solapa de la contracubierta aIncluye referencias bibliográficas y notas al pie de las páginas 0aHispanic American.n16973807 001050718MOaPDbPDcCTd2015-05-11iLF1l0oxxxx xxxxp45745-10r2020-06-25w2020-06-25y1ZNo se presta c45234d45234